000 00636nam a22002417a 4500
003 UA-OsUOA
001 65989
007 ta
008 20091215b un ||||| |||| 00| 0 ukr d
100 _aЛомацький М.
090 _a821.161.2
_bЛ74
942 _cBK
040 _aUA-OsUOA
_bukr
_cUA-OsUOA
_dUA-OsUOA
245 _aГуцульський світ
_bВибрані твори
300 _a326 с.
955 _a2
041 _aukr
080 _a821.161.2
020 _a966-8519-12-4
260 _aКосів
_c2005
650 7 _a82 Література. Літературознавство
_2UDC
999 _c351684
_d351684